|
|
|
|
| LEADER |
00000cam a2200000 7i4500 |
| 001 |
0000007215 |
| 005 |
20201008.0 |
| 020 |
|
|
|a 9677003704
|
| 040 |
|
|
|a INS
|
| 090 |
0 |
0 |
|a KPG690.A31966.M34 1994
|
| 245 |
1 |
0 |
|a Akta Kawalan Sewa 1966 :Control of Rent Act 1966 :
|b all amendments up to August, 1994
|c disusun semula oleh Penasihat Undang-Undang
|
| 260 |
|
|
|a Kuala Lumpur :
|b MDC Penerbit Pencetak Sdn Bhd ,
|c 1994
|
| 300 |
|
|
|a 86 ms. ;
|c 26 cm.
|
| 650 |
0 |
0 |
|a Rent control
|z Malaysia
|x Law and legislation
|
| 999 |
|
|
|a 0000005653
|b BOOK
|c Acts
|e Default branch
|
| 999 |
|
|
|a 0000005654
|b BOOK
|c Acts
|e Default branch
|
| 999 |
|
|
|a 0000005655
|b BOOK
|c Acts
|e Default branch
|